Guess the Movie from the Cast #10 - Statistics

General Stats
  • This quiz has been taken 174 times
  • The average score is 5 of 10
Answer Stats
Hint Answer % Correct
George Clooney / Brad Pitt / Matt Damon / Julia Roberts Ocean's Eleven
85%
Eminem / Kim Basinger / Mekhi Phifer / Brittany Murphy 8 Mile
74%
Julia Stiles / Heath Ledger / Joseph Gordon-Levitt / Larisa Oleynik 10 Things I Hate About You
67%
Daniel Craig / Eva Green / Mads Mikkelsen / Judi Dench Casino Royale
61%
Hugh Jackman / Russell Crowe / Anne Hathaway / Amanda Seyfried Les Misérables
59%
Sylvester Stallone / Jason Statham / Jet Li / Dolph Lundgren The Expendables
48%
Leslie Nielsen / Robert Hays / Julie Hagerty / Kareem Abdul-Jabbar Airplane!
43%
(a) Matthew Broderick / Jeremy Irons / James Earl Jones / Rowan Atkinson (a) The Lion King
43%
Kevin Spacey / Russell Crowe / Guy Pearce / Kim Basinger L.A. Confidential
32%
Russell Crowe / Jennifer Connelly / Ray Winstone / Emma Watson Noah
21%
No matching quizzes found
Score Distribution
Percent of People with Each Score
Percentile by Number Answered
Your Score History
You have not taken this quiz